000
00332nam a2200133Ia 4500
008
240624s9999 xx 000 0 und d
041
_a
eng
082
_a
519.5 DAS
100
_a
DAS N G
245
_a
STATISTICAL METHODS VOLUME I
260
_c
2015
_a
New Delhi
_b
Tata McGraw-Hill
300
_a
449 : p. : cm. ; 28
365
_c
RS
_b
33
999
_c
25830
_d
25830